书目信息 |
| 题名: |
摄影学习笔记
|
|
| 作者: | ;钱鑫 译 ;日本WINDY公司 编著 | |
| 分册: | 佳能EOS摄影技法详解 | |
| 出版信息: | 北京 中国青年出版社 2014 |
|
| 页数: | 143页 | |
| 开本: | 20cm | |
| 丛书名: | ||
| 单 册: | ||
| 中图分类: | J41 , TB86 | |
| 科图分类: | ||
| 主题词: | 数字照相机--单镜头反光照相机--摄影技术 , 摄影--各种 , 摄影技术--各种 | |
| 电子资源: | ||
| ISBN: | 978-7-5153-2749-5 | |
| 000 | 01062nam0 2200289 450 | |
| 001 | 1133 | |
| 005 | 20161008080340.10 | |
| 010 | @a978-7-5153-2749-5@dCNY48.00 | |
| 100 | @a20150106d2014 em y0chiy50 ea | |
| 101 | 1 | @achi@cjpn |
| 102 | @aCN@b110000 | |
| 105 | @aa z 000yy | |
| 200 | 1 | @a摄影学习笔记@9she ying xue xi bi ji@i佳能EOS摄影技法详解@f日本WINDY公司编著@g钱鑫译 |
| 205 | @a2版 | |
| 210 | @a北京@c中国青年出版社@d2014 | |
| 215 | @a143页@c图,照片@d20cm | |
| 305 | @a由日本每日交流出版社授权出版 | |
| 330 | @a本书介绍了Canon EOS系列相机的基本知识和摄影技巧。内容包括:EOS系列相机基础知识入门、初掌者也能放心使用的“基本拍摄模式区”、 学会使用“创意拍摄模式区”,让摄影更有趣、彰显个性,拍你所爱,就靠这几招、玩转滤镜等。 | |
| 606 | 0 | @a数字照相机@x单镜头反光照相机@x摄影技术 |
| 606 | 0 | @a摄影@x各种 |
| 606 | 0 | @a摄影技术@x各种 |
| 690 | @aJ41@v5 | |
| 690 | @aTB86@v4 | |
| 702 | 0 | @a钱鑫@9qian xin@4译 |
| 711 | 02 | @a日本WINDY公司@9ri ben WINDY gong si@4编著 |
| 801 | 0 | @aCN@b唐山师范学院图书馆@c20160830 |
| 905 | @aZUCC@dJ41@e314=2 | |
| 摄影学习笔记.佳能EOS摄影技法详解/日本WINDY公司编著/钱鑫译.-2版.-北京:中国青年出版社,2014 |
| 143页:图,照片;20cm |
| ISBN 978-7-5153-2749-5:CNY48.00 |
| 本书介绍了Canon EOS系列相机的基本知识和摄影技巧。内容包括:EOS系列相机基础知识入门、初掌者也能放心使用的“基本拍摄模式区”、 学会使用“创意拍摄模式区”,让摄影更有趣、彰显个性,拍你所爱,就靠这几招、玩转滤镜等。 |
| ● |
| 相关链接 |
|
|
|
|
正题名:摄影学习笔记
索取号:J41/314=2
 
预约/预借
| 序号 | 登录号 | 条形码 | 馆藏地/架位号 | 状态 | 备注 |
| 1 | 907043 | 209070431 | 第一样本阅览室/ [索取号:J41/314=2] | 在馆 | |
| 2 | 907044 | 209070440 | 第一借阅区/ [索取号:J41/314=2] | 在馆 | |
| 3 | 907045 | 209070459 | 第一借阅区/ [索取号:J41/314=2] | 在馆 | |
| 4 | 907046 | 209070468 | 物理系资料室/ [索取号:J41/314=2] | 在馆 | |
| 5 | 907047 | 209070477 | 第一借阅区/ [索取号:J41/314=2] | 在馆 |